Sustainable management of non-wood forest products : (proceedings of an international workshop held at Universiti Putra Malaysia, Serdang 14-17 October 1997)

Bibliographic Details
Corporate Author: INTERNATIONAL Workshop on the Sustainable Management of Non-Wood Forest Products
Other Authors: MOHD. Hamami Sahri, Nair, Zaidon Ashaari
Format: Book
Published: Serdang, Selangor : UPM Press , 1998
Subjects:

MARC

LEADER 00000cam a2200000 7i4500
001 0000001794
005 20011205.0
020 0 0 |a 9839319469 
090 0 0 |a 634.98   |b INT 1998 
110 1 0 |a INTERNATIONAL Workshop on the Sustainable Management of Non-Wood Forest Products   |k 1997   |j Serdang, Selangor 
245 1 0 |a Sustainable management of non-wood forest products :   |b (proceedings of an international workshop held at Universiti Putra Malaysia, Serdang 14-17 October 1997)   |c editors M.N.B. Nair, Mohd Hamami Sahri, Zaidon Ashaari 
260 0 0 |a Serdang, Selangor :   |b UPM Press ,   |c 1998 
300 |a 327p. ;   |c 25 cm. 
500 0 0 |a Includes bibliographical references 
650 0 0 |a Forest products industry   |x Congresses 
650 0 0 |a Forest products   |x Congresses 
650 0 0 |a Sustainable forestry   |x Congresses 
700 0 1 |a MOHD. Hamami Sahri 
700 0 1 |a Nair   |h M.N.B 
700 0 1 |a Zaidon Ashaari 
998 |a JPSM 
999 |a 0000002842   |b Monograph   |c Open Shelf   |e Default branch